Biblioteka Instytutu Północnego w Olsztynie

NSZZ Solidarność Podregion Miastko w latach 1980-1981 / (Rekord nr 27901)

Szczegóły MARC
000 -Nagłówek
fixed length control field 02283cam a2200493 i 4500
001 - Nr kontrolny bibl., która utworzyła rek.
control field xx004965395
003 - Siglum bibl., której nr kontr. jest w 001
control field NUKAT
005 - Data i czas ostatniej operacji
control field 20260430124836.0
008 - Elementy pola stałej długości
fixed length control field 201008s2020 pl a g |001 0dpol c
020 ## - ISBN
ISBN 9788380989580
dopowiedzenie (oprawa twarda) :
warunki dostępności zł 35,00
035 ## - Systemowy numer kontrolny
systemowy numer kontrolny (OCoLC)1204366903
035 ## - Systemowy numer kontrolny
systemowy numer kontrolny (NUKAT)xx004965395
040 ## - Instytucja sporządzająca opis
Instytucja, która sporządziła opis LUBL U/AK
język katalgowania-trzyzn. kod pol
zasady opisu rda
Instytucja, która sporządziła rekord LUBL U/AK
Instytucja, która zmodyfikowała rekord LUBL U/WAGs
-- OLSZT 008/bak
045 2# - Okres czasu dla zawartości
czas między r. 9999 pne a nasz. czas. d1980
-- d1981
046 ## - Kod rodz. daty, data1, data2 (daty pne)
Begin/single date 2020
100 1# - Hasło główne-nazwa osobowa
Nazwa osobowa Szkwarek, Łukasz.
rodzaj współpracy Autor
9 (RLIN) 41018
245 10 - Tytuł właściwy i oznaczenie odpow.
tytuł NSZZ Solidarność Podregion Miastko w latach 1980-1981 /
dod. inf. ze s. tyt./ozn. odpow. Łukasz Szkwarek ; Instytut Pamięci Narodowej - Komisja Ścigania Zbrodni Przeciwko Narodowi Polskiemu.
246 3# - Inne formy tytułu, wariant tytułu
tytuł Niezależny Samorządny Związek Zawodowy "Solidarność" Podregion Miastko w latach 1980-1981
260 ## - Adres wydawniczy
miejsce wydania, dystrybucji itp. Warszawa :
nazwa wydawcy, dystrybutora itp. Instytut Pamięci Narodowej,
data wydania, dystrybucji itp. 2020.
300 ## - Opis fizyczny
objętość i/lub forma materiału 223 strony, [8] stron tablic :
inne szczegóły opisu fizycznego ilustracje ;
format 21 cm.
336 ## - Content Type
Term Tekst
Code txt
Source rdacontent
337 ## - Media Type
Term Bez urządzenia pośredniczącego
Code n
Source rdamedia
338 ## - Carrier Type
Term Wolumin
Code nc
Source rdacarrier
380 ## - Form of work
Form of work Książki
380 ## - Form of work
Form of work Publikacje naukowe
388 1# - TIME PERIOD OF CREATION
Time period of creation term 2001-
490 1# - Tytuł serii i ks. wielotom.-nie do wysz.
oznaczenie serii Centralny Projekt Badawczy IPN "Solidarność" i Opór Społeczny w PRL 1956-1989
504 ## - Uwaga o bibliografii
uwaga o bibliografii Bibliografia i netografia na stronach 201-205. Indeks.
586 8# - Uwaga o nagrodzie
uwaga o nagrodzie Książka nagrodzona w konkursie im. Władysława Pobóg- Malinowskiego na Najlepszy Debiut Historyczny Roku
648 #7 - SUBJECT ADDED ENTRY--CHRONOLOGICAL TERM
Chronological term 1901-2000
Source of heading or term DBN
9 (RLIN) 34996
648 #7 - SUBJECT ADDED ENTRY--CHRONOLOGICAL TERM
Chronological term 1945-1989
Source of heading or term DBN
9 (RLIN) 36043
650 #7 - Hasło przedmiotowe-nazwa pospolita
nazwa pospolita lub geogr. Ruchy społeczne
źródło hasła DBN
9 (RLIN) 36915
650 #7 - Hasło przedmiotowe-nazwa pospolita
nazwa pospolita lub geogr. Strajki
źródło hasła DBN
9 (RLIN) 40634
650 #7 - Hasło przedmiotowe-nazwa pospolita
nazwa pospolita lub geogr. Związki zawodowe
źródło hasła DBN
9 (RLIN) 37239
650 #7 - Hasło przedmiotowe-nazwa pospolita
nazwa pospolita lub geogr. Opór wobec władzy
określnik geograficzny Polska
-- Miastko (województwo pomorskie ; region)
określnik chronologiczny 1970-2000.
źródło hasła kaba
9 (RLIN) 41021
651 #7 - Hasło przedmiotowe-nazwa geogr.
nazwa geograficzna Miastko (woj. pomorskie, pow. bytowski, gm. Miastko)
źródło hasła DBN
9 (RLIN) 41020
651 #7 - Hasło przedmiotowe-nazwa geogr.
nazwa geograficzna Miastko (woj. pomorskie, pow. bytowski, gm. Miastko ; okolice)
źródło hasła DBN
9 (RLIN) 41019
655 #7 - Termin określający rodzaj/formę
rodzaj/forma Monografia
źródło terminu DBN
9 (RLIN) 35240
658 ## - Nazwa określająca cel programu nauczania
główny cel programu nauczania Historia
710 2# - Hasło dodatkowe - nazwa ciała zbior.
nazwa ciała zbior. lub nazwa geogr. Instytut Pamięci Narodowej - Komisja Ścigania Zbrodni przeciwko Narodowi Polskiemu.
rodzaj współpracy Instytucja sprawcza
-- Wydawca
kod rodzaju współpracy pbl
9 (RLIN) 11792
830 #0 - Hasło dod. serii i op. ks. wielotom. -tyt
tytuł "Solidarność" i Opór Społeczny w PRL 1956-1989
9 (RLIN) 41001
920 ## - ISBN
ISBN 978-83-8098-958-0 (oprawa twarda) : zł 35,00
942 ## - ADDED ENTRY ELEMENTS (KOHA)
Source of classification or shelving scheme Dewey Decimal Classification
Koha item type pozycje dostępne na miejscu
Egzemplarze
Status wycofania Status zagubienia Klasyfikacja Status uszkodzenia Blokada wypożyczeń Kolekcja Lokalizacja macierzysta Lokalizacja bieżąca Data nabycia Numer akcesji Źródło akcesji Cena Nr inwentarzowy il. wypożyczeń Sygnatura Kod kreskowy Date last seen Price effective from Typ egz.
    Dewey Decimal Classification nieuszkodzona   książka w magazynie Biblioteka Instytutu Północnego w Olsztynie Biblioteka Instytutu Północnego w Olsztynie 30/11/2020 D-36/2020 dar 35.00 59990   59990 IPWK24094 30/04/2026 30/04/2026 pozycje dostępne na miejscu
Biblioteka Instytutu Północnego, ul. Partyzantów 87, 10-402 Olsztyn, email: biblioteka(at)ip.olsztyn.pl